000 00575nam a22001937a 4500
020 _a8120321545
082 _a629.04
_bPAP
_cL-40, P-66
100 _aPapacostas c.s
_918383
245 _aTransportation Engineering & Planning
_cPapacostas c.s
250 _a3rd ed.
260 _aNew Delhi
_bPrentice-Hall of India
_cc2018
300 _av. 685 p.
526 _a0
_b0
_c0
_d629_040000000000000_PAP
526 _a0
_b0
_c0
_d629_040000000000000_PAP
526 _a0
_b0
_c0
_d629_040000000000000_PAP
650 _aMCE
_9379
700 _aP.D. Prevedouros
_944301
942 _2ddc
_cBK
999 _c548126
_d548126